| 000 | 00487nam a2200181Ia 4500 | ||
|---|---|---|---|
| 005 | 20260617144926.0 | ||
| 008 | 131103s9999 xx 000 0 und d | ||
| 040 | _aLoreto College | ||
| 041 | _aEnglish | ||
| 082 |
_a225 _bFAN |
||
| 100 | _aFannon, Patrick | ||
| 245 | 4 |
_aThe New Testsment _b its birth from the life of the church _cPatrick Fannon |
|
| 260 |
_alondon _bDarton, Longmans & Todd _c1966 |
||
| 300 | _a61p. | ||
| 650 | _aNew Testament | ||
| 850 | _aLCLIB | ||
| 942 | _cBK | ||
| 999 |
_c25480 _d75959 |
||